European Union : Questions and Answers.

Provides answers to key questions related to the European Union (EU), including questions regarding evolution of the EU, governing institutions, trade policy, efforts to forge common foreign and defense policies, and EU-U.S. and EU-NATO relationships.

Bibliographic Details
Corporate Authors: Library of Congress. Congressional Research Service, ProQuest (Firm)
Format: eBook
Language:English
Published: [Place of publication not identified] : [publisher not identified], 2005.
Series:U.S. Congressional Research.
Subjects:
Online Access:Connect to the full text of this electronic book

MARC

Tag First Indicator Second Indicator Subfields
LEADER 00000cam a22000001a 4500
001 in00003311521
006 m d f
007 cr bn mmmapmmp
008 101203s2005 dcu o f000 0 eng d
005 20260501192857.1
035 |a cis2007850223 
040 |a ProQuest  |c ProQuest  |d UtOrBLW 
043 |a n-us--- 
099 |a CRS-2005-FDT-1489 
110 2 |a Library of Congress.  |b Congressional Research Service. 
245 1 0 |a European Union :  |b Questions and Answers. 
264 1 |a [Place of publication not identified] :  |b [publisher not identified],  |c 2005. 
300 |a 1 online resource. 
336 |a text  |b txt  |2 rdacontent 
337 |a computer  |b c  |2 rdamedia 
338 |a online resource  |b cr  |2 rdacarrier 
500 |a Record is based on bibliographic data in ProQuest U.S. Congressional Research Digital Collection (last viewed Dec. 2010). Reuse except for individual research requires license from ProQuest, LLC. 
500 |a CRS Report. 
520 |a Provides answers to key questions related to the European Union (EU), including questions regarding evolution of the EU, governing institutions, trade policy, efforts to forge common foreign and defense policies, and EU-U.S. and EU-NATO relationships. 
500 |a Electronic resource. 
650 0 |a International trade. 
650 0 |a International relations. 
650 0 |a Military readiness. 
655 7 |a Electronic books.  |2 local 
710 2 |a ProQuest (Firm) 
776 0 8 |i Microfiche version:   |a Library of Congress. Congressional Research Service.  |t European Union 
830 0 |a U.S. Congressional Research. 
856 4 0 |u http://proxy.library.tamu.edu/login?url=https://congressional.proquest.com/congcomp/getdoc?CRDC-ID=CRS-2005-FDT-1489  |z Connect to the full text of this electronic book  |t 0 
999 |a MARS 
999 f f |s e404c1f6-59c1-3ad5-bacf-b33e3998a764  |i fcfd4f30-6a46-3af6-bb99-b88c483bb341  |t 0 
952 f f |a Texas A&M University  |b College Station  |c Electronic Resources  |s www_evans  |d Available Online  |t 0  |e CRS-2005-FDT-1489  |h Other scheme 
998 f f |a CRS-2005-FDT-1489  |t 0  |l Available Online